000 00589nam a2200253Ia 4500
005 20260121154748.0
008 008 260114s9999 xx 000 0 eng d
020 _a9781003112372
037 _aEBOOK
040 _aCRL
040 _beng
040 _cCRL
041 _2eng
041 _aeng
084 _qCRL
100 _a Adrian Kuzminski
_91011183
245 0 _aPyrrhonian Buddhism
260 _bTaylor and Francis
260 _c2021
856 _uhttp://www.taylorfrancis.com/books/9781003112372
942 _cEBOOK
999 _c1578004
_d1578004